| 000 | 01428 a2200193 4500 | ||
|---|---|---|---|
| 001 | 54302 | ||
| 005 | 20260407155814.0 | ||
| 008 | 260407a1962 arg spa d | ||
| 003 | AR-UNSa-BCEJYS | ||
| 040 |
_aAR-UNSa-BCEJYS _bspa _cAR-UNSa-BCEJYS |
||
| 080 |
_a330.32 _xNueva formación de capital (Inversión) |
||
| 245 | 1 | 0 | _aLa inversión bursátil |
| 264 | 1 |
_aBuenos Aires : _bSelección Contable _c1962 |
|
| 300 |
_a188 p. _c23 cm. |
||
| 505 | _a1. La sociedad anónima - 2. Tipos de acciones - 3. La organización del mercado de valores - 4. El mecanismo de la operación bursátil - 5. Operaciones a término, de pase y de caución - 6. el cálculo del rendimiento - 7. La emisión de acciones - 8. Operaciones de arbitraje - 9. El análisis de la ganancia - 10. acciones de crecimiento - 11. El análisisi de la empresa - 12. Indices bursátiles - 13. El cálculo de la utilidad total de la inversión en acciones - 14. La Bolsa y el desarrollo económico - 15. Las fluctuaciones en las cotizaciones bursátiles - 16. Inversión, especulación y juego - 17. Técnica de la inversión bursátil - 18. Reglas generales para el inversor - 19. Criterios de valuación de acciones - 20. Fondos comunes de inversión - 21. El tratamiento impositivo de la inversión bursátil - 22. La significación económica del Mercado de Valores | ||
| 942 | _cBK | ||
| 590 | _aniveau_biblio:m niveau_hierar:0 | ||
| 100 | 1 | _aAlemann, Juan E. | |
| 999 |
_c5471 _d5471 |
||